Zvyšuje sa aktivita učiteľov

Bibliographic Details
Main Author: Lučivjanský, Martin (Author)
Format: Article
Language:Slovak
Subjects:

MARC

LEADER 00000nab a2200000 a 4500
001 vtls000085010
003 SK-MaSNL
005 20260303032044.0
008 140301c1981 xo 0 slo
015 |a SNBRB19rr/mm-uuuuu 
035 |a CL0095112 
040 |a SNKBUCL  |b slo  |c SNKBUCL  |e AACR2 
041 0 |a slo 
044 |a xo  |c SK 
080 |a 371.1  |2 1981 
100 1 |a Lučivjanský, Martin  |4 aut  |9 923880 
245 1 0 |a Zvyšuje sa aktivita učiteľov  |c Martin Lučivjanský 
650 0 7 |a učitelia  |2 snkbucl  |9 3995 
650 0 7 |a pedagogické čítanie  |2 snkbucl  |9 71087 
655 7 |a články z novín a časopisov  |2 snkbucl  |9 267496 
773 0 |t Učiteľské noviny  |g Roč. 31, č. 6 (1981), s. 5 
850 |a Slovenská národná knižnica v Martine  |a MTA001 
852 |a SNK  |b KIS3GCP 
958 |a RK 
992 |a RBX 
999 |c 1662011  |d 1663941